[Event "WCU Winter Major"]
[Site "Bridgend"]
[Date "2026.01.23"]
[Round "1.1"]
[White "George, Naveen Daniel"]
[Black "Harper, Gareth JM"]
[Result "0-1"]
[WhiteElo "1624"]
[BlackElo "1846"]
[WhiteFideId "-1"]
[BlackFideId "-1"]
[PlyCount "112"]
[GameId "2271753259214429"]
[EventDate "2026.01.23"]
[EventType "swiss"]
[EventRounds "5"]
[EventCountry "WLS"]

1. e4 c5 2. Nf3 d6 3. d4 cxd4 4. Nxd4 Nf6 5. Nc3 a6 6. f3 e6 7. Be3 Nc6 8. Qd2 Bd7 9. O-O-O b5 10. g4 h6 11. h4 Be7 12. Bd3 Ne5 13. g5 Nh5 14. Rdg1 g6 15. f4 Nxd3+ 16. Qxd3 b4 17. Nce2 Qa5 18. Kb1 e5 19. fxe5 dxe5 20. Nb3 Qb5 21. Rf1 Rd8 22. Nbc1 Qb7 23. Qd5 Qxd5 24. exd5 Bf5 25. Rd1 Be4 26. Rhf1 Rxd5 27. Rxd5 Bxd5 28. Nd3 Bc4 29. Rf2 Bxd3 30. cxd3 hxg5 31. hxg5 Ng7 32. Ng3 Rh3 33. Rg2 Ne6 34. Bd2 Nxg5 35. Kc2 Nf3 36. Ne2 Nxd2 37. Kxd2 g5 38. Ng1 Rh5 39. Nf3 f6 40. Ke3 Kf7 41. Rc2 Rh8 42. Ke4 Rd8 43. Rc6 Rd6 44. Rc7 Ke6 45. Ke3 f5 46. Rc5 Rxd3+ 47. Kxd3 Bxc5 48. Nxg5+ Kd5 49. b3 e4+ 50. Ke2 Kd4 51. Ne6+ Kd5 52. Ng5 f4 53. Nh3 f3+ 54. Kf1 Kd4 55. Nf4 Kc3 56. Ne6 Bb6 0-1

[Event "WCU Winter Major"]
[Site "Bridgend"]
[Date "2026.01.23"]
[Round "1.2"]
[White "Smith, Andrew R"]
[Black "Cooke, Mark"]
[Result "1-0"]
[WhiteElo "1800"]
[BlackElo "1619"]
[WhiteFideId "-1"]
[BlackFideId "-1"]
[PlyCount "55"]
[GameId "2271756027623017"]
[EventDate "2026.01.23"]
[EventType "swiss"]
[EventRounds "5"]
[EventCountry "WLS"]

{[%evp 0,55,12,26,15,13,61,19,32,36,43,16,45,19,28,33,45,-10,-3,-14,-1,5,-10,-9,29,25,41,5,-13,-23,-7,64,24,102,4,-42,-5,-13,3,-23,47,5,45,-79,147,108,123,121,139,133,145,137,138,206,319,392,880,936]} 1. e4 e5 2. Nf3 d5 3. d4 dxe4 4. Nxe5 Bd6 5. Nc4 h6 6. Nc3 Nf6 7. Be2 Nc6 8. Be3 Bb4 9. O-O Bxc3 10. bxc3 Nd5 11. Qd2 Bf5 12. Nb2 Bg6 13. Bb5 O-O 14. Bxc6 bxc6 15. Nc4 Nxe3 16. Qxe3 Qd5 17. Ne5 Bh7 18. Qe2 c5 19. Qb5 f6 20. Nc6 Qg5 21. Qxc5 f5 22. Ne5 Bg6 23. Qc6 Kh7 24. f4 exf3 25. Rxf3 f4 26. Raf1 Rab8 27. Nd7 Be8 28. Nxf8+ 1-0

[Event "WCU Winter Major"]
[Site "Bridgend"]
[Date "2026.01.23"]
[Round "1.3"]
[White "Murthy, Arush"]
[Black "Browse, Joseph"]
[Result "1/2-1/2"]
[WhiteElo "1613"]
[BlackElo "1792"]
[WhiteFideId "-1"]
[PlyCount "103"]
[GameId "2271756908385924"]
[EventDate "2026.01.23"]
[EventType "swiss"]
[EventRounds "5"]
[EventCountry "WLS"]

1. d4 d5 2. c4 c6 3. cxd5 cxd5 4. Bf4 Nc6 5. Nc3 Nf6 6. Nf3 a6 7. e3 Bg4 8. Be2 Bxf3 9. Bxf3 e6 10. O-O Be7 11. Rc1 O-O 12. a3 Na5 13. Na4 Nc4 14. Nc5 Bxc5 15. dxc5 Nxb2 16. Qb3 Nc4 17. Rfd1 Qa5 18. Qxb7 Qxc5 19. e4 Qb6 20. Qxb6 Nxb6 21. Bd6 Rfc8 22. exd5 Nfxd5 23. Bc5 Rab8 24. Bxb6 Rxc1 25. Rxc1 Nxb6 26. Be2 a5 27. Rb1 Nd7 28. Rd1 Nf6 29. Bf3 Kf8 30. Kf1 Rb3 31. a4 Rb4 32. Bc6 Ne4 33. Rd8+ Ke7 34. Ra8 Nc3 35. f3 Rb6 36. Ra7+ Kd8 37. Ra8+ Kc7 38. Be8 f6 39. Rxa5 Rb8 40. Bf7 Kd6 41. Ra6+ Ke7 42. Ra7+ Kd6 43. Ra6+ Ke7 44. Bxe6 Nxa4 45. Rxa4 Kxe6 46. Kf2 h5 47. Ra7 g5 48. Ra6+ Kf5 49. Ra5+ Kg6 50. Kg3 Rb2 51. h3 h4+ 52. Kh2 1/2-1/2

[Event "WCU Winter Major"]
[Site "Bridgend"]
[Date "2026.01.23"]
[Round "1.4"]
[White "Heatman, Jordan"]
[Black "Richards, Benjamin James"]
[Result "1/2-1/2"]
[WhiteElo "1784"]
[BlackElo "1650"]
[WhiteFideId "-1"]
[BlackFideId "-1"]
[PlyCount "48"]
[GameId "2271758414501519"]
[EventDate "2026.01.23"]
[EventType "swiss"]
[EventRounds "5"]
[EventCountry "WLS"]

{[%evp 0,48,12,30,34,24,24,22,16,14,27,28,37,34,37,36,33,26,-35,-17,-23,-6,-2,-37,0,89,-2,-57,-178,-32,-24,28,34,79,45,12,22,-31,44,39,141,156,130,171,142,20,28,28,275,49,204]} 1. e4 e6 2. d4 d5 3. exd5 exd5 4. Nf3 Nc6 5. Bd3 Nf6 6. O-O Be7 7. c3 O-O 8. Qc2 Re8 9. Ne5 Bd6 10. f4 Ne7 11. Be3 Ng6 12. Nd2 Ng4 13. Nxg4 Bxg4 14. Rae1 Qf6 15. h3 Bd7 16. Nf3 Bxf4 17. Ne5 Bxe3+ 18. Rxe3 Qg5 19. Qf2 Nxe5 20. Rxe5 Qf6 21. Qxf6 gxf6 22. Rxe8+ (22. Rxd5) 22... Rxe8 23. Rxf6 Re6 24. Rf4 (24. Bxh7+) 24... Re3 1/2-1/2

[Event "WCU Winter Major"]
[Site "Bridgend"]
[Date "2026.01.23"]
[Round "1.5"]
[White "Sarwar, Adam"]
[Black "Hayes, Ian"]
[Result "0-1"]
[WhiteElo "1555"]
[BlackElo "1751"]
[WhiteFideId "-1"]
[BlackFideId "-1"]
[PlyCount "115"]
[GameId "2272046916259887"]
[EventDate "2026.01.23"]
[EventType "swiss"]
[EventRounds "5"]
[EventCountry "WLS"]

{[%evp 0,89,12,26,38,4,34,16,33,28,39,38,27,21,-24,-31,-18,-21,-16,-27,-40,-48,-44,-115,-131,-107,-99,-178,-31,-22,-13,-53,-7,-7,-153,-53,-75,-50,-126,-78,-124,-130,10,-177,-35,-174,-171,-188,-160,-78,-182,-170,-162,-117,-155,-121,-142,-144,-156,-187,-138,-313,-254,-371,-292,-353,-397,-422,-231,-183,-239,-268,-231,-47,-198,-271,-215,-269,-211,-257,-304,-283,-253,-81,-243,-247,-211,-24,-111,-63,-206,-295]} 1. e4 d6 2. d4 Nf6 3. Nc3 g6 4. Nf3 Bg7 5. Bf4 O-O 6. Bc4 Nxe4 7. Nxe4 d5 8. Bxd5 Qxd5 9. Nc3 Qc4 10. Ne5 Qb4 11. Rb1 Rd8 12. Nd3 Qc4 13. Be5 Nc6 14. Bxg7 Kxg7 15. d5 Nb4 16. Nxb4 Qxb4 17. O-O c6 18. Qf3 Bg4 19. Qg3 cxd5 20. h3 Bf5 21. a3 Qd6 22. Qxd6 Rxd6 23. Rbc1 a6 24. g4 Be6 25. f4 f5 26. g5 d4 27. Ne2 Bc4 28. Rfe1 Rad8 29. Ng3 Kf7 30. Rcd1 d3 31. cxd3 Rxd3 32. Rxd3 Rxd3 33. Nf1 Rxh3 34. Ne3 Bd3 35. Kg2 Rh4 36. Kg3 Rh5 37. Nd5 Be4 38. Nc3 Bc6 39. Re5 Rh1 40. Nd5 Bxd5 41. Rxd5 Ke8 42. Rd2 h6 43. gxh6 Rxh6 44. Rd1 Rh7 45. Rd2 e6 46. Rd1 Ke7 47. Rd2 Kf6 48. Rd6 Ke7 49. Rd1 Rh8 50. Rd2 Rd8 51. Rxd8 Kxd8 52. Kh4 Ke7 53. Kg5 Kf7 54. b3 e5 55. fxe5 Ke6 56. Kf4 g5+ 57. Kxg5 Kxe5 58. Kh4 0-1

[Event "WCU Winter Major"]
[Site "Bridgend"]
[Date "2026.01.23"]
[Round "1.6"]
[White "Scarpignato, Samuele"]
[Black "Wiltshire, Bob"]
[Result "0-1"]
[WhiteElo "1710"]
[BlackElo "1550"]
[WhiteFideId "-1"]
[BlackFideId "-1"]
[PlyCount "58"]
[GameId "2272048995569720"]
[EventDate "2026.01.23"]
[EventType "swiss"]
[EventRounds "5"]
[EventCountry "WLS"]

{[%evp 0,58,13,43,27,5,33,17,38,20,22,-7,-12,-17,-21,-20,-3,-5,18,-33,-68,-165,-95,-82,-66,-81,-80,-88,-43,-114,-101,-100,50,-132,175,-4,-91,58,-86,67,-43,-108,34,-73,30,-28,55,171,-6,-115,79,-185,-177,-254,-120,-353,-227,-231,-244,-266,-181]} 1. d4 e6 2. Bf4 f5 3. c4 Nf6 4. Nc3 Bb4 5. a3 Bxc3+ 6. bxc3 b6 7. Nf3 Bb7 8. e3 Ne4 9. d5 O-O 10. Qd4 c5 11. Qd3 Re8 12. Be2 Qf6 13. Be5 Qe7 14. d6 Qf7 15. O-O Nc6 16. Rad1 Na5 17. Bf4 Nc6 18. Ne5 Nxe5 19. Bxe5 Qg6 20. f3 Nf6 21. Rd2 Bc6 22. Bd1 a6 23. Bc2 b5 24. Bxf6 bxc4 25. Qe2 Qxf6 26. e4 Qxc3 27. Qf2 Qxa3 28. exf5 exf5 29. Bxf5 Qe3 0-1

[Event "WCU Winter Major"]
[Site "Bridgend"]
[Date "2026.01.23"]
[Round "1.7"]
[White "Wallace, Robert"]
[Black "Phillips, Thomas"]
[Result "1-0"]
[WhiteElo "1545"]
[BlackElo "1707"]
[WhiteFideId "-1"]
[BlackFideId "-1"]
[PlyCount "71"]
[GameId "2272049916661825"]
[EventDate "2026.01.23"]
[EventType "swiss"]
[EventRounds "5"]
[EventCountry "WLS"]

{[%evp 0,71,18,6,18,12,28,30,19,-19,-12,-58,60,60,58,59,60,60,51,44,88,-282,32,-33,-169,-54,24,-172,-62,-177,-255,-205,-274,-200,293,285,766,691,854,578,784,779,591,682,1034,873,722,631,468,638,759,462,403,462,479,498,454,483,551,552,565,475,486,498,483,553,472,576,696,568,661,571,1296,644]} 1. e4 e5 2. Nf3 Nc6 3. d4 exd4 4. c3 dxc3 5. Bc4 Qe7 6. O-O d6 7. Nxc3 Be6 8. Nd5 Qd7 9. Bf4 O-O-O 10. b4 Nxb4 11. Nxb4 Bxc4 12. Re1 Nf6 13. Qd4 Qb5 14. Qd2 Nxe4 15. Rxe4 d5 16. Nxd5 Qxd5 17. Rd4 Bb4 18. Qxb4 c5 19. Qxc4 Qc6 20. Rxd8+ Rxd8 21. Ne5 Rd4 22. Qxf7 Qf6 23. Qxf6 gxf6 24. Be3 Ra4 25. h3 fxe5 26. Bxc5 b5 27. a3 Kc7 28. Re1 Kc6 29. Rxe5 a5 30. Bf8 b4 31. axb4 axb4 32. Re4 Kb5 33. f4 b3 34. Rxa4 Kxa4 35. Bg7 Ka3 36. Be5 1-0

[Event "WCU Winter Major"]
[Site "Bridgend"]
[Date "2026.01.23"]
[Round "1.8"]
[White "Bull, Jack"]
[Black "Belochkin, David"]
[Result "1-0"]
[WhiteElo "1690"]
[BlackElo "1532"]
[WhiteFideId "-1"]
[BlackFideId "-1"]
[PlyCount "77"]
[GameId "2272050936299594"]
[EventDate "2026.01.23"]
[EventType "swiss"]
[EventRounds "5"]
[EventCountry "WLS"]

{[%evp 0,77,9,27,16,26,21,16,25,36,27,5,13,3,5,6,99,24,34,-14,-42,-7,26,58,68,7,59,9,75,81,122,49,100,103,58,42,26,33,76,108,61,98,20,43,63,179,31,53,61,7,12,-1,8,0,54,10,49,22,21,49,60,-8,51,5,59,1,-67,-7,1,-29,1,-1,209,1,-1,1,9,67,447,196]} 1. e4 e5 2. Nf3 Nc6 3. Bb5 Nge7 4. Nc3 a6 5. Bxc6 Nxc6 6. d4 exd4 7. Nxd4 Qf6 8. Be3 Bb4 9. O-O Bxc3 10. bxc3 Ne5 11. f4 Nc4 12. Qe2 b5 13. a4 Nxe3 14. Qxe3 bxa4 15. Rxa4 Bb7 16. Rb1 Bc6 17. Nxc6 Qxc6 18. Qd4 O-O 19. Rc4 Qh6 20. Rxc7 Qxf4 21. Rxd7 Rfe8 22. Re1 a5 23. Rf1 Qxe4 24. Rdxf7 Qxd4+ 25. cxd4 Rec8 26. R7f2 a4 27. Rc1 Rc3 28. Rf3 Rxf3 29. gxf3 Kf7 30. Kf2 a3 31. Ke3 Ke6 32. Ke4 Kd6 33. c4 Re8+ 34. Kf4 Rf8+ 35. Kg3 Rf6 36. Rc3 Rg6+ 37. Kf2 a2 38. Ra3 Kd7 39. Rxa2 1-0

[Event "WCU Winter Major"]
[Site "Bridgend"]
[Date "2026.01.23"]
[Round "1.9"]
[White "Potier, Julien"]
[Black "Hurn, Robert Aj"]
[Result "1/2-1/2"]
[WhiteElo "1521"]
[BlackElo "1689"]
[WhiteFideId "-1"]
[PlyCount "84"]
[GameId "2272052930646714"]
[EventDate "2026.01.23"]
[EventType "swiss"]
[EventRounds "5"]
[EventCountry "WLS"]

1. e4 c5 2. c3 Nf6 3. d3 Nc6 4. Nf3 d6 5. Be2 e5 6. Nbd2 Be7 7. O-O O-O 8. Re1 Bd7 9. Nf1 Re8 10. Ne3 g6 11. Nd5 Bf8 12. Bg5 Bg7 13. Qc1 Be6 14. Qc2 Bxd5 15. exd5 Ne7 16. c4 Nf5 17. Qd2 Qd7 18. Bf1 e4 19. Nh4 Nd4 20. Rab1 Qg4 21. h3 Qd7 22. Be3 Nf5 23. Nxf5 Qxf5 24. Qc2 Qd7 25. Bf4 exd3 26. Bxd3 Nh5 27. Bh2 Be5 28. Rxe5 dxe5 29. Qc3 f6 30. f3 b6 31. Kf2 Kf7 32. Be4 Rad8 33. g4 Nf4 34. Bxf4 exf4 35. Rd1 Qd6 36. Qd3 Qe5 37. Qc2 Rd6 38. Rd2 Qg5 39. Kg1 Qh4 40. Qc1 Qxh3 41. Rh2 Qg3+ 42. Rg2 Qh4 1/2-1/2

[Event "WCU Winter Major"]
[Site "Bridgend"]
[Date "2026.01.23"]
[Round "1.10"]
[White "Saparovich, Mikhail"]
[Black "Zhuravlev, Andrei"]
[Result "1-0"]
[WhiteElo "1681"]
[BlackElo "1470"]
[WhiteFideId "-1"]
[BlackFideId "-1"]
[PlyCount "69"]
[GameId "2272054319039172"]
[EventDate "2026.01.23"]
[EventType "swiss"]
[EventRounds "5"]
[EventCountry "WLS"]

1. e4 e5 2. Nf3 Nc6 3. d4 exd4 4. Nxd4 Nxd4 5. Qxd4 Ne7 6. Bg5 Nc6 7. Qd2 Be7 8. Bxe7 Qxe7 9. Nc3 d6 10. O-O-O O-O 11. f4 f5 12. Bc4+ Kh8 13. Rhe1 fxe4 14. Rxe4 Qd8 15. Rf1 Bf5 16. Re3 Nb4 17. Bb3 Qd7 18. h3 Rfe8 19. Rfe1 Rxe3 20. Rxe3 Re8 21. g4 Bg6 22. Rxe8+ Qxe8 23. f5 Bf7 24. Bxf7 Qxf7 25. Qg5 Qe8 26. Kd2 h6 27. Qf4 Nc6 28. Nd5 Qf7 29. c4 Ne5 30. f6 gxf6 31. Qxh6+ Qh7 32. Qxf6+ Qg7 33. Qd8+ Kh7 34. Qxc7 Nd7 35. Qxd7 1-0

[Event "WCU Winter Major"]
[Site "Bridgend"]
[Date "2026.01.23"]
[Round "1.11"]
[White "Edwards, Jonathan"]
[Black "Peters, Chris"]
[Result "0-1"]
[WhiteElo "1424"]
[BlackElo "1672"]
[WhiteFideId "-1"]
[BlackFideId "-1"]
[PlyCount "68"]
[GameId "2272055282234061"]
[EventDate "2026.01.23"]
[EventType "swiss"]
[EventRounds "5"]
[EventCountry "WLS"]

{[%evp 0,68,12,35,25,67,20,9,25,17,20,18,9,12,5,10,5,-7,29,15,18,10,15,13,20,74,18,108,15,24,-11,-90,-238,-100,-155,-254,-366,-254,-333,-316,-356,-281,-22,20,-259,-285,-236,-319,-285,-211,-259,-335,-407,-350,-346,-319,-292,-368,-377,-442,-296,-451,-381,-444,-433,-453,-355,-787,-815,-790,-826]} 1. e4 c5 2. Nf3 d6 3. d4 cxd4 4. Nxd4 Nf6 5. Nc3 g6 6. Bc4 Bg7 7. O-O O-O 8. f3 Nc6 9. Be3 Bd7 10. Re1 Nxd4 11. Bxd4 Rc8 12. Qd3 a6 13. a4 Qc7 14. b3 Be6 15. Bxe6 fxe6 16. e5 Nd7 17. exd6 Bxd4+ 18. Qxd4 Qxc3 19. Qe4 Qc5+ 20. Kh1 Rf6 21. Qxb7 Qc6 22. Qb4 Qxd6 23. Qb7 Qc6 24. Qb4 Kf7 25. Re2 Qc3 26. Qxc3 Rxc3 27. Rd1 Nc5 28. a5 Nb7 29. b4 Nd6 30. Kg1 Rc4 31. Rb1 Nb5 32. Rb3 Nd4 33. Rbe3 Nxe2+ 34. Rxe2 Rxb4 0-1

[Event "WCU Winter Major"]
[Site "Bridgend"]
[Date "2026.01.23"]
[Round "1.12"]
[White "Ramzan, Timur"]
[Black "Hill, Glyn"]
[Result "1-0"]
[WhiteElo "1658"]
[BlackElo "1413"]
[BlackFideId "-1"]
[PlyCount "119"]
[GameId "2272056583082738"]
[EventDate "2026.01.23"]
[EventType "swiss"]
[EventRounds "5"]
[EventCountry "WLS"]

1. e4 c6 2. d4 d5 3. exd5 cxd5 4. Bd3 Nf6 5. Nf3 Bg4 6. O-O e6 7. c3 Nbd7 8. Bf4 Be7 9. Nbd2 Nh5 10. Bg3 Nxg3 11. fxg3 Qb6 12. Qc2 g6 13. Kh1 Bf5 14. Bxf5 gxf5 15. Rfe1 Nf6 16. Ne5 O-O 17. Ndf3 Bd6 18. Qd2 Qd8 19. Qh6 Bxe5 20. Nxe5 Ne4 21. Re2 Qg5 22. Qxg5+ Nxg5 23. Kg1 Ne4 24. a4 Rfd8 25. Kf1 Rac8 26. Nd3 a5 27. Nf2 Nxf2 28. Kxf2 Kg7 29. Ke3 Kg6 30. Kf4 Re8 31. Re3 f6 32. h4 e5+ 33. dxe5 Rc4+ 34. Kf3 fxe5 35. b3 Rg4 36. Rd1 e4+ 37. Kf2 Rd8 38. Rd4 Kh5 39. c4 f4 40. gxf4 Rxf4+ 41. Ke2 Rg8 42. cxd5 Rxg2+ 43. Kd1 Rf1+ 44. Re1 Rxe1+ 45. Kxe1 Rg4 46. d6 Rg8 47. d7 Rd8 48. Ke2 Kxh4 49. Ke3 Kg5 50. Kxe4 h5 51. Ke5 h4 52. Ke6 h3 53. Rd3 Kg4 54. Rxh3 Kxh3 55. Ke7 Rxd7+ 56. Kxd7 Kg4 57. Kc7 Kf4 58. Kxb7 Ke4 59. Kb6 Kd4 60. Kxa5 1-0

[Event "WCU Winter Major"]
[Site "Bridgend"]
[Date "2026.01.23"]
[Round "1.13"]
[White "Edwards, Billy"]
[Black "Williams, Stephen"]
[Result "0-1"]
[WhiteElo "1397"]
[BlackElo "1655"]
[WhiteFideId "-1"]
[PlyCount "114"]
[GameId "2272058058736380"]
[EventDate "2026.01.23"]
[EventType "swiss"]
[EventRounds "5"]
[EventCountry "WLS"]

1. e4 e6 2. d4 d5 3. e5 Bd7 4. Nf3 a6 5. Nbd2 Bb5 6. c4 dxc4 7. Bxc4 Bxc4 8. Nxc4 Ne7 9. O-O Nd5 10. Qb3 b5 11. Ne3 c5 12. dxc5 Bxc5 13. Nxd5 Qxd5 14. Qxd5 exd5 15. Rd1 d4 16. Nxd4 O-O 17. Nb3 Be7 18. Be3 Nc6 19. f4 Rfd8 20. Bb6 Rxd1+ 21. Rxd1 Kf8 22. Nc5 Ke8 23. Rc1 Nb4 24. Ba5 Nc6 25. Bc7 Nd4 26. Kf2 Bxc5 27. Rxc5 Ne6 28. Rc3 Nxf4 29. Kf3 Ne6 30. Bb6 Ke7 31. Ke4 g6 32. g4 Kd7 33. h4 Rc8 34. Rxc8 Kxc8 35. Kd5 Kd7 36. Be3 Kc7 37. Bd2 Kd7 38. b3 Kc7 {(=)} 39. a4 Kd7 40. Ba5 Nf4+ 41. Kc5 bxa4 42. bxa4 Nd3+ 43. Kd4 Nb2 44. Kc3 Nxa4+ 45. Kb4 Nb2 46. Kc3 Nd1+ 47. Kd4 Nf2 48. g5 Kc6 49. Be1 Ng4 50. Bg3 h5 51. gxh6 Nxh6 52. Bf4 Nf5+ 53. Kc4 Nxh4 54. Kb4 Nf3 55. Ka5 g5 56. Bg3 Kd5 57. Kxa6 Nxe5 0-1

[Event "WCU Winter Major"]
[Site "Bridgend"]
[Date "2026.01.23"]
[Round "1.14"]
[White "Matheson, Micah"]
[Black "Wilkins, Zack"]
[Result "0-1"]
[WhiteElo "1359"]
[BlackElo "1648"]
[WhiteFideId "-1"]
[BlackFideId "-1"]
[PlyCount "42"]
[GameId "2272059769615109"]
[EventDate "2026.01.23"]
[EventType "swiss"]
[EventRounds "5"]
[EventCountry "WLS"]

1. Nf3 d5 2. g3 Nf6 3. Bg2 g6 4. O-O Bg7 5. d4 O-O 6. Nc3 Bf5 7. Bf4 a6 8. e3 c5 9. Qd2 Nc6 10. dxc5 Be4 11. Nxe4 Nxe4 12. Qd3 e5 13. Bg5 Nxg5 14. Nxg5 Qxg5 15. Bxd5 Rad8 16. Qb3 Na5 17. Qb6 Rxd5 18. Qxa5 e4 19. Qb4 Qe7 20. Rad1 Rfd8 21. c4 Rxd1 0-1

[Event "WCU Winter Major"]
[Site "Bridgend"]
[Date "2026.01.24"]
[Round "2.1"]
[White "Harper, Gareth JM"]
[Black "Ramzan, Timur"]
[Result "0-1"]
[WhiteElo "1846"]
[BlackElo "1658"]
[WhiteFideId "-1"]
[PlyCount "74"]
[GameId "2274234247532608"]
[EventDate "2026.01.23"]
[EventType "swiss"]
[EventRounds "5"]
[EventCountry "WLS"]

1. e4 c6 2. d4 d5 3. Nc3 dxe4 4. Nxe4 Bf5 5. Ng3 Bg6 6. Nf3 Nd7 7. Bc4 e6 8. Bf4 h6 9. Qd2 Ngf6 10. h3 Be7 11. O-O Nd5 12. Ne2 Nxf4 13. Nxf4 Bg5 14. Nxg5 Qxg5 15. h4 Qf6 16. Nxg6 Qxg6 17. c3 O-O 18. Bd3 Qg4 19. g3 Nf6 20. Kg2 Qh5 21. Rae1 Qd5+ 22. f3 Qxa2 23. g4 Nd7 24. Bb1 Qd5 25. Qd3 f5 26. c4 Qd6 27. Ba2 Rae8 28. c5 Nxc5 29. Qa3 Qxd4 30. Rd1 Qa4 31. Qxc5 Qxa2 32. Rf2 fxg4 33. Rd7 Rxf3 34. Rxf3 gxf3+ 35. Kxf3 Rf8+ 36. Kg4 Qa4+ 37. Rd4 h5+ 0-1

[Event "WCU Winter Major"]
[Site "Bridgend"]
[Date "2026.01.24"]
[Round "2.2"]
[White "Williams, Stephen"]
[Black "Smith, Andrew R"]
[Result "1/2-1/2"]
[WhiteElo "1655"]
[BlackElo "1800"]
[BlackFideId "-1"]
[PlyCount "51"]
[GameId "2272109932015657"]
[EventDate "2026.01.23"]
[EventType "swiss"]
[EventRounds "5"]
[EventCountry "WLS"]

1. e4 e5 2. Nf3 Nc6 3. d4 exd4 4. Nxd4 Nf6 5. Nc3 Bb4 6. Nxc6 bxc6 7. Bd3 O-O 8. Bd2 Re8 9. f3 d5 10. O-O Rb8 11. Rb1 Qe7 12. Kh1 Ba5 13. Nxd5 cxd5 14. Bxa5 dxe4 15. fxe4 Bb7 16. Bc3 Nxe4 17. Qh5 g6 18. Qa5 Nxc3 19. Qxc3 Qg5 20. Rf2 Re7 21. Rbf1 Rbe8 22. Bc4 Bd5 23. b3 Qh4 24. Rf4 Qg5 25. Bxd5 Qxd5 26. Qf6 1/2-1/2

[Event "WCU Winter Major"]
[Site "Bridgend"]
[Date "2026.01.24"]
[Round "2.3"]
[White "Hayes, Ian"]
[Black "Wallace, Robert"]
[Result "1-0"]
[WhiteElo "1751"]
[BlackElo "1545"]
[WhiteFideId "-1"]
[BlackFideId "-1"]
[PlyCount "53"]
[GameId "2272110654316595"]
[EventDate "2026.01.23"]
[EventType "swiss"]
[EventRounds "5"]
[EventCountry "WLS"]

1. d4 c5 2. d5 d6 3. c4 g6 4. Nc3 Bg7 5. e4 Nf6 6. Nf3 O-O 7. h3 Re8 8. Bd3 e6 9. O-O exd5 10. exd5 a6 11. Bg5 Qc7 12. Re1 Rf8 13. Qd2 Nbd7 14. Re7 Qd8 15. Rae1 Ne5 16. Nxe5 Qxe7 17. Nxg6 Qxe1+ 18. Qxe1 hxg6 19. Qe7 Nd7 20. Qxd6 Re8 21. Qg3 Ne5 22. Ne4 Nxd3 23. Nf6+ Bxf6 24. Bxf6 Re1+ 25. Kh2 Kf8 26. Qxd3 Bf5 27. Qd2 1-0

[Event "WCU Winter Major"]
[Site "Bridgend"]
[Date "2026.01.24"]
[Round "2.4"]
[White "Wilkins, Zack"]
[Black "Bull, Jack"]
[Result "1/2-1/2"]
[WhiteElo "1648"]
[BlackElo "1690"]
[WhiteFideId "-1"]
[BlackFideId "-1"]
[PlyCount "106"]
[GameId "2272111923003452"]
[EventDate "2026.01.23"]
[EventType "swiss"]
[EventRounds "5"]
[EventCountry "WLS"]

{[%evp 0,106,12,28,12,20,25,27,38,49,68,0,61,-5,86,80,95,47,53,53,56,50,85,59,63,-4,85,24,146,32,133,129,164,68,160,153,198,104,191,181,190,186,190,172,174,131,27,78,45,168,145,108,159,90,103,108,233,180,169,308,183,192,210,201,223,206,250,150,239,229,226,231,293,185,297,359,220,119,151,165,187,90,125,111,106,152,159,110,500,366,498,323,545,535,557,537,560,0,0,0,1,1,0,0,0,0,0,0,0]} 1. d4 d5 2. c4 Nf6 3. cxd5 Qxd5 4. Nc3 Qd8 5. e4 e6 6. Nf3 Nc6 7. Be2 Bb4 8. Bg5 h6 9. Bxf6 Qxf6 10. O-O Bxc3 11. bxc3 O-O 12. e5 Qe7 13. a4 f6 14. exf6 Qxf6 15. Bc4 g5 16. Qe2 Bd7 17. Nd2 Rae8 18. Ne4 Qg7 19. Nc5 Nd8 20. a5 Kh8 21. Nd3 Nf7 22. f4 Nd6 23. Bb3 gxf4 24. Rxf4 Rxf4 25. Nxf4 Qg5 26. Nxe6 Bxe6 27. Bxe6 Nf5 28. Qe5+ Ng7 29. Qxg5 hxg5 30. Bg4 Kh7 31. Kf2 Kg6 32. Bf3 Rf8 33. Ke3 Nf5+ 34. Kd3 Nd6 35. Re1 Rf5 36. Re5 Kf6 37. Rxf5+ Kxf5 38. h3 Kf4 39. c4 b6 40. axb6 axb6 41. c5 bxc5 42. dxc5 Nf5 43. Kc4 Kg3 44. Kd5 Ne3+ 45. Kc6 Nxg2 46. Bxg2 Kxg2 47. Kxc7 Kxh3 48. Kd7 {This only draws} (48. Kd6 $18 {wins, as white promotes with check, leaving a winning ending}) 48... g4 49. c6 g3 50. c7 g2 51. c8=Q g1=Q 52. Qh8+ Kg2 53. Qg7+ Kf1 1/2-1/2

[Event "WCU Winter Major"]
[Site "Bridgend"]
[Date "2026.01.24"]
[Round "2.5"]
[White "Wiltshire, Bob"]
[Black "Saparovich, Mikhail"]
[Result "0-1"]
[WhiteElo "1550"]
[BlackElo "1681"]
[WhiteFideId "-1"]
[BlackFideId "-1"]
[PlyCount "48"]
[GameId "2272114734604483"]
[EventDate "2026.01.23"]
[EventType "swiss"]
[EventRounds "5"]
[EventCountry "WLS"]

1. e3 c5 2. f4 d5 3. Nf3 Nf6 4. b3 Nc6 5. Bb5 Bd7 6. Bb2 e6 7. O-O Be7 8. Ne5 Nxe5 9. fxe5 Bxb5 10. exf6 gxf6 11. d3 Qc7 12. Bxf6 Bxf6 13. Rxf6 Qe5 14. Qf1 Qxa1 15. Rxf7 O-O-O 16. Qe1 Rdf8 17. Re7 Qf6 18. Rxb7 Kxb7 19. a4 Bc6 20. Na3 Rhg8 21. d4 cxd4 22. Nb5 Bxb5 23. axb5 dxe3 24. Qe2 Qf2+ 0-1

[Event "WCU Winter Major"]
[Site "Bridgend"]
[Date "2026.01.24"]
[Round "2.6"]
[White "Peters, Chris"]
[Black "Gardner, Vincent"]
[Result "1-0"]
[WhiteElo "1672"]
[BlackElo "1310"]
[WhiteFideId "-1"]
[BlackFideId "-1"]
[PlyCount "83"]
[GameId "2272116943712938"]
[EventDate "2026.01.23"]
[EventType "swiss"]
[EventRounds "5"]
[EventCountry "WLS"]

1. e4 c6 2. d4 d5 3. Nc3 Nf6 4. e5 Nfd7 5. Bd3 e6 6. Nf3 h6 7. Bd2 Be7 8. O-O b6 9. Re1 Ba6 10. Qe2 Bxd3 11. cxd3 Qc7 12. Rac1 Qb7 13. Rc2 Na6 14. a3 O-O 15. Nd1 c5 16. Ne3 Rac8 17. Ng4 f6 18. exf6 Nxf6 19. Qxe6+ Kh8 20. Nge5 Kh7 21. Qf5+ Kg8 22. Ng6 Nd7 23. Nxe7+ Kh8 24. Ng6+ Kg8 25. Nxf8 Rxf8 26. Qe6+ Kh7 27. Ne5 Nxe5 28. Rxe5 Qf7 29. Qxf7 Rxf7 30. Rxd5 Nc7 31. Re5 g5 32. dxc5 Rd7 33. cxb6 axb6 34. Kf1 Kg7 35. Ke2 Kf6 36. Bc3 Ne6 37. Rd5+ Ke7 38. Bb4+ Kd8 39. Rxd7+ Kxd7 40. Ke3 Nf4 41. Kf3 Nxd3 42. Rd2 1-0

[Event "WCU Winter Major"]
[Site "Bridgend"]
[Date "2026.01.24"]
[Round "2.7"]
[White "Probert, Malcolm"]
[Black "Penny, Liam"]
[Result "1/2-1/2"]
[WhiteElo "1669"]
[BlackElo "1793"]
[PlyCount "35"]
[GameId "2272118638617267"]
[EventDate "2026.01.23"]
[EventType "swiss"]
[EventRounds "5"]
[EventCountry "WLS"]

{[%evp 0,35,12,35,18,-5,-49,-11,28,19,27,23,48,38,75,69,85,68,58,47,39,31,134,101,152,108,338,281,365,331,330,379,373,210,253,170,420,20]} 1. Nf3 Nf6 2. g3 d5 3. d4 Nbd7 4. Bg2 e6 5. O-O c5 6. c4 Bd6 7. cxd5 Nxd5 8. dxc5 Bxc5 9. Qc2 b6 10. Nc3 Nxc3 11. Qxc3 O-O 12. Rd1 f6 13. Nd4 Bxd4 14. Qxd4 Rb8 15. Qd6 Re8 16. Bc6 Qe7 17. Bxd7 Bxd7 18. Qxe7 (18. Qxd7 Rbd8 19. Qa4 {wins}) 1/2-1/2